BIBLIOTECA

SENCICO

Proyecto y planificación (Registro nro. 2278)

Detalles MARC
000 -LEADER
fixed length control field 00741nam a2200217Ia 4500
005 - DATE AND TIME OF LATEST TRANSACTION
control field 20251020182537.0
008 - FIXED-LENGTH DATA ELEMENTS--GENERAL INFORMATION
fixed length control field 200515s9999 xx 000 0 und d
082 ## - DEWEY DECIMAL CLASSIFICATION NUMBER
Classification number 725.5/L13
100 ## - MAIN ENTRY--PERSONAL NAME
Personal name LABRYGA, Franz
245 #0 - TITLE STATEMENT
Title Proyecto y planificación
260 ## - PUBLICATION, DISTRIBUTION, ETC.
Place of publication, distribution, etc. Barcelona
260 ## - PUBLICATION, DISTRIBUTION, ETC.
Date of publication, distribution, etc. 1975
300 ## - PHYSICAL DESCRIPTION
Extent 137
500 ## - GENERAL NOTE
General note 1 ejemplar
520 ## - SUMMARY, ETC.
Summary, etc. Las monografías de la colección Proyecto y Planificación son una selección de ejemplos internacionales de edificaciones adecuadas a la filosofía de diferentes y flexibles, capaces de amoldarse a nuevas circunstancias y a nuevos planteamientos. Este número
650 ## - SUBJECT ADDED ENTRY--TOPICAL TERM
Topical term or geographic name entry element CENTROS DE REHABILITACION
650 ## - SUBJECT ADDED ENTRY--TOPICAL TERM
Topical term or geographic name entry element HOSPITALES
650 ## - SUBJECT ADDED ENTRY--TOPICAL TERM
Topical term or geographic name entry element LIB
650 ## - SUBJECT ADDED ENTRY--TOPICAL TERM
Topical term or geographic name entry element PROYECTOS
942 ## - ADDED ENTRY ELEMENTS (KOHA)
Koha item type Libros
Existencias
Fecha de la última vez que lo usaron Pago total Signatura topográfica completa Código de barras Precio efectivo desde Tipo de documento Estado perdido Estado dañado No es para préstamo Retirado Ubicación permanente Ubicación actual Fecha de adquisición
15/05/2020   725.5/L13 Bib-Lima15052278 15/05/2020 Libros         Biblioteca Central Lima Biblioteca Central Lima 15/05/2020